000 00784nas a2200265 4500
001 BR2012003528
003 BR-BrBNA
005 20231205120611.0
007 ta
008 230509b bl.|||p| |||| 00| 00por d
040 _aBR-BrBNA
_bpor
_cBiblioteca Nacional de Agricultura
041 _a(Pt)
072 _aB50
100 1 _aPilon, N.A.L.
100 1 _aDurigan, G.
245 1 _aA mulher na botânica: questão de gênero na participação feminina em congressos de botânica no Brasil
650 _aHISTÓRIA
650 _aLIDERANÇA
650 _aMULHER
650 _aPESQUISA
650 _aBOTÂNICA
773 0 _tHoehnea (Brazil)
_xISSN 0073-2877
_g(Mar 2011), v. 38(1) p. 115-121
_wBR2012003528
909 _a202311
_bLúcia
_c55
_dLúcia Elande
942 _2AGRIS
_n0
_cANA
999 _c219331
_d219331